Emocions compartides #bibliolovers / #bibliolovers /
Descripción Física:
1 ventall : il·lustracions ; 20 x 28 cm
Idioma:
Catalán
MARC
| LEADER | 00000nrm a2200000 a 4500 | ||
|---|---|---|---|
| 001 | 25939 | ||
| 003 | Arxiu | ||
| 005 | 20260324181123.0 | ||
| 008 | 220615b spa||||| |||| 00| 0 cat d | ||
| 080 | |a NBM-13-251 | ||
| 100 | |9 53458 |a Adillon, Dalia | ||
| 245 | |a Emocions compartides |h [Ventall] : |b #bibliolovers / |c il·lustració: Dalia Adillon | ||
| 246 | 3 | |a Bibliolovers | |
| 260 | |a Barcelona : |b Diputació de Barcelona, Xarxa de Biblioteques Municipals, |c 2016 | ||
| 300 | |a 1 ventall : |b il·lustracions ; |c 20 x 28 cm | ||
| 500 | |a A la portada: bibliotecavirtual.diba.cat | ||
| 610 | 1 | 0 | |a Barcelona (Catalunya : Província). |b Xarxa de Biblioteques Municipals |9 52650 |
| 655 | 0 | |9 52933 |a Ventalls | |
| 710 | 1 | |a Barcelona (Catalunya : Província). |b Xarxa de Biblioteques Municipals |9 52650 | |
| 942 | |2 udc |n 1 |c ARXIU | ||
| 952 | |0 0 |1 0 |4 0 |6 NBM13251 |7 1 |9 62404 |a Arxiu |b Arxiu |d 2022-06-15 |l 0 |o NBM-13-251 |p 25939 |r 2022-06-15 00:00:00 |w 2022-06-15 |y ARXIU | ||
| 999 | |c 82049 |d 82049 | ||